000 00525nam a2200181 4500
001 140214
003 ES-MaACL
005 20230906200032.0
007 t|
008 070214s1968 sp r ||||1| spa d
245 0 3 _aUn segle de poesia catalana /
_c[selección] Jaume Bofill i Ferro, Antoni Comas.
250 _a1ª ed.
260 _aBarcelona :
_bDestino,
_c1968.
300 _a1045 p. ;
_c20 cm.
700 1 _aBofill i Ferro, Jaume.
_929787
700 1 _aComas, Antoni.
_939930
852 _aES-MaACL
_jC-50950
_bR.68527
999 _c140214
_d140214